[Event "Montreal int"]
[Site "Montreal CAN"]
[Date "2002.07.25"]
[Round "1"]
[White "Rozentalis, Eduardas"]
[Black "Lesiege, Alexandre"]
[Result "1-0"]
[WhiteElo "2564"]
[BlackElo "2561"]
[WhiteFideId "-1"]
[WhiteFideId "-1"]
[PlyCount "47"]
[GameId "2160767911441141"]
[EventDate "2002.07.25"]
[EventType "tourn"]
[EventRounds "11"]
[EventCountry "CAN"]
[EventCategory "11"]
[SourceTitle "The Week in Chess 403"]
[Source "Mark Crowther"]
[SourceDate "2002.07.29"]
[SourceVersion "1"]
[SourceVersionDate "2002.07.29"]
[SourceQuality "2"]

1. e4 c5 2. c3 Nf6 3. e5 Nd5 4. Nf3 Nc6 5. Bc4 Nb6 6. Bb3 c4 7. Bc2 Qc7 8. Qe2 g5 9. h3 Bg7 10. O-O Nxe5 11. Nxg5 d5 12. Re1 h6 13. Nf3 Nxf3+ 14. Qxf3 e5 15. Qg3 f5 16. d4 cxd3 17. Bxd3 Kf7 18. Nd2 Qc6 19. Rxe5 Bxe5 20. Qxe5 Qf6 21. Qf4 Qg5 22. Qh2 Bd7 23. Nf3 Qf6 24. Be3 1-0

[Event "Montreal int"]
[Site "Montreal CAN"]
[Date "2002.07.26"]
[Round "2"]
[White "Lesiege, Alexandre"]
[Black "Barbeau, Sylvain"]
[Result "1/2-1/2"]
[WhiteElo "2561"]
[BlackElo "2397"]
[WhiteFideId "-1"]
[WhiteFideId "-1"]
[PlyCount "81"]
[GameId "2160767911441147"]
[EventDate "2002.07.25"]
[EventType "tourn"]
[EventRounds "11"]
[EventCountry "CAN"]
[EventCategory "11"]
[SourceTitle "The Week in Chess 403"]
[Source "Mark Crowther"]
[SourceDate "2002.07.29"]
[SourceVersion "1"]
[SourceVersionDate "2002.07.29"]
[SourceQuality "2"]

1. d4 Nf6 2. c4 g6 3. Nc3 d5 4. cxd5 Nxd5 5. e4 Nxc3 6. bxc3 Bg7 7. Be3 O-O 8. Qd2 c5 9. Nf3 Qa5 10. Rc1 cxd4 11. cxd4 Qxd2+ 12. Nxd2 e6 13. f3 Nc6 14. Nb3 Rd8 15. Bg5 f6 16. Be3 Bf8 17. Kf2 Ba3 18. Rd1 b6 19. h4 Nb4 20. h5 Ba6 21. Bxa6 Nxa6 22. hxg6 hxg6 23. d5 exd5 24. exd5 Nc7 25. Rh4 Rxd5 26. Rdh1 Rh5 27. Rxh5 gxh5 28. Rxh5 Rd8 29. Rh4 Nb5 30. Rc4 Kf7 31. g4 Rd7 32. Bf4 Bb2 33. Rc2 Be5 34. Bxe5 fxe5 35. Ke3 Ke6 36. Nd2 Rc7 37. Rxc7 Nxc7 38. Kd3 b5 39. Ne4 Nd5 40. a3 Nf4+ 41. Kc3 1/2-1/2

[Event "Montreal int"]
[Site "Montreal CAN"]
[Date "2002.07.27"]
[Round "3"]
[White "Ftacnik, Lubomir"]
[Black "Lesiege, Alexandre"]
[Result "1-0"]
[WhiteElo "2602"]
[BlackElo "2561"]
[WhiteFideId "-1"]
[WhiteFideId "-1"]
[PlyCount "63"]
[GameId "2160767911441150"]
[EventDate "2002.07.25"]
[EventType "tourn"]
[EventRounds "11"]
[EventCountry "CAN"]
[EventCategory "11"]
[SourceTitle "The Week in Chess 403"]
[Source "Mark Crowther"]
[SourceDate "2002.07.29"]
[SourceVersion "1"]
[SourceVersionDate "2002.07.29"]
[SourceQuality "2"]

1. c4 c5 2. Nf3 Nc6 3. Nc3 Nf6 4. g3 d5 5. d4 dxc4 6. d5 Nb4 7. e4 Bg4 8. Bxc4 Bxf3 9. Qxf3 Nc2+ 10. Kf1 a6 11. e5 Nd4 12. Qd1 b5 13. exf6 bxc4 14. Be3 gxf6 15. Bxd4 cxd4 16. Qxd4 Rc8 17. Kg2 Bg7 18. Rhe1 O-O 19. Qg4 Rc7 20. Rad1 Qd7 21. Qf3 f5 22. Rxe7 Qxe7 23. d6 Qd7 24. dxc7 Qxc7 25. Nd5 Qe5 26. Ne3 Qxb2 27. Nxf5 Qf6 28. Rd6 Qe5 29. Rxa6 Re8 30. Rc6 Qe4 31. Qxe4 Rxe4 32. Kf3 1-0

[Event "Montreal int"]
[Site "Montreal CAN"]
[Date "2002.07.28"]
[Round "4"]
[White "Lesiege, Alexandre"]
[Black "Hebert, Jean"]
[Result "1-0"]
[WhiteElo "2561"]
[BlackElo "2416"]
[WhiteFideId "-1"]
[WhiteFideId "-1"]
[PlyCount "75"]
[GameId "2160767911441159"]
[EventDate "2002.07.25"]
[EventType "tourn"]
[EventRounds "11"]
[EventCountry "CAN"]
[EventCategory "11"]
[SourceTitle "The Week in Chess 403"]
[Source "Mark Crowther"]
[SourceDate "2002.07.29"]
[SourceVersion "1"]
[SourceVersionDate "2002.07.29"]
[SourceQuality "2"]

1. d4 d6 2. Nf3 g6 3. g3 Bg7 4. Bg2 f5 5. O-O Nf6 6. c4 O-O 7. Nc3 c6 8. b3 Na6 9. Bb2 Bd7 10. a3 Nc7 11. Rc1 Kh8 12. Qd3 Rb8 13. d5 a5 14. Ba1 Na6 15. Nd4 Nc5 16. Qd2 cxd5 17. cxd5 Qb6 18. Rb1 Rfc8 19. h3 Qd8 20. Rfe1 Qg8 21. Qe3 Qe8 22. b4 axb4 23. axb4 Nce4 24. Nxe4 fxe4 25. Bxe4 Bxh3 26. Bf3 Qf7 27. Ne6 Bxe6 28. dxe6 Qg8 29. Rbc1 Qd8 30. Bd4 d5 31. Rcd1 Qe8 32. Kg2 Qb5 33. Rh1 Rf8 34. Rh4 Kg8 35. g4 Qa4 36. Rdh1 h5 37. gxh5 Qc2 38. h6 1-0

[Event "Montreal int"]
[Site "Montreal CAN"]
[Date "2002.07.29"]
[Round "5"]
[White "Charbonneau, Pascal"]
[Black "Lesiege, Alexandre"]
[Result "1-0"]
[WhiteElo "2422"]
[BlackElo "2561"]
[WhiteFideId "-1"]
[WhiteFideId "-1"]
[PlyCount "103"]
[GameId "2160767911441162"]
[EventDate "2002.07.25"]
[EventType "tourn"]
[EventRounds "11"]
[EventCountry "CAN"]
[EventCategory "11"]
[SourceTitle "The Week in Chess 404"]
[Source "Mark Crowther"]
[SourceDate "2002.08.05"]
[SourceVersion "1"]
[SourceVersionDate "2002.08.05"]
[SourceQuality "2"]

1. e4 e5 2. f4 exf4 3. Nf3 d5 4. exd5 Nf6 5. Bc4 Bd6 6. O-O O-O 7. d4 c6 8. Nc3 Bg4 9. Qd3 cxd5 10. Nxd5 Nxd5 11. Bxd5 Nc6 12. c3 Qf6 13. Bd2 Rae8 14. Rae1 Bc7 15. Be4 h6 16. b4 Rd8 17. d5 g5 18. Qc2 Ne5 19. c4 Bxf3 20. gxf3 g4 21. fxg4 Nxg4 22. Kh1 Qh4 23. Bc3 f5 24. Bf3 Qh5 25. c5 Rde8 26. d6 Bd8 27. Rxe8 Rxe8 28. Rg1 Re3 29. Rf1 Rxc3 30. Bxg4 Rxc2 31. Bxh5 b6 32. Re1 Bh4 33. d7 bxc5 34. bxc5 Rxc5 35. Re8+ Kg7 36. d8=Q Bxd8 37. Rxd8 Kf6 38. Bd1 Rc3 39. Kg2 f3+ 40. Kf2 Ke5 41. Rd2 Ke4 42. Rb2 a5 43. Rb3 Rc1 44. Bxf3+ Kf4 45. Ra3 Rc2+ 46. Be2 Rc5 47. Rh3 Rc2 48. Rh4+ Ke5 49. Ra4 Rc5 50. Rc4 Rd5 51. a4 f4 52. Rc6 1-0

[Event "Montreal int"]
[Site "Montreal CAN"]
[Date "2002.07.30"]
[Round "6"]
[White "Bluvshtein, Mark"]
[Black "Lesiege, Alexandre"]
[Result "0-1"]
[WhiteElo "2367"]
[BlackElo "2561"]
[WhiteFideId "-1"]
[WhiteFideId "-1"]
[PlyCount "112"]
[GameId "2160767911441168"]
[EventDate "2002.07.25"]
[EventType "tourn"]
[EventRounds "11"]
[EventCountry "CAN"]
[EventCategory "11"]
[SourceTitle "The Week in Chess 404"]
[Source "Mark Crowther"]
[SourceDate "2002.08.05"]
[SourceVersion "1"]
[SourceVersionDate "2002.08.05"]
[SourceQuality "2"]

1. d4 d5 2. c4 dxc4 3. Nf3 Nf6 4. e3 e6 5. Bxc4 c5 6. O-O a6 7. Bb3 cxd4 8. exd4 Nc6 9. Nc3 Be7 10. Bg5 O-O 11. Qd2 h6 12. Bf4 Re8 13. Rad1 Bf8 14. Be5 Nxe5 15. Nxe5 b5 16. Qf4 Qc7 17. Rc1 Qe7 18. Ne4 Nxe4 19. Qxe4 Bb7 20. Qg4 Rad8 21. Rc3 Qg5 22. Qxg5 hxg5 23. Rc7 Re7 24. Rfc1 Rxd4 25. Rxe7 Bxe7 26. Rc7 Bd6 27. Rxf7 Bd5 28. Nf3 Kxf7 29. Nxd4 Be5 30. Bxd5 exd5 31. Nc6 Bxb2 32. Nb4 a5 33. Nxd5 Be5 34. Kf1 Ke6 35. Ne3 Bd4 36. Nc2 Bc5 37. Ke2 Kd5 38. f4 gxf4 39. Kd3 Ke5 40. Ne1 Kd5 41. Nf3 Bf2 42. Ke2 Bd4 43. Kd3 Bf6 44. g3 fxg3 45. hxg3 a4 46. g4 b4 47. Nd2 b3 48. a3 Be7 49. Nb1 Bf6 50. Nd2 Bd8 51. Nc4 Kc5 52. Nd2 Kb5 53. Nb1 Bf6 54. Nd2 Bb2 55. Nc4 Bxa3 56. Nxa3+ Kb4 0-1

[Event "Montreal int"]
[Site "Montreal CAN"]
[Date "2002.08.01"]
[Round "7"]
[White "Lesiege, Alexandre"]
[Black "Degraeve, Jean Marc"]
[Result "1/2-1/2"]
[WhiteElo "2561"]
[BlackElo "2586"]
[WhiteFideId "-1"]
[WhiteFideId "-1"]
[PlyCount "101"]
[GameId "2160767911441177"]
[EventDate "2002.07.25"]
[EventType "tourn"]
[EventRounds "11"]
[EventCountry "CAN"]
[EventCategory "11"]
[SourceTitle "The Week in Chess 404"]
[Source "Mark Crowther"]
[SourceDate "2002.08.05"]
[SourceVersion "1"]
[SourceVersionDate "2002.08.05"]
[SourceQuality "2"]

1. Nf3 c5 2. c4 Nc6 3. Nc3 e5 4. g3 g6 5. Bg2 Bg7 6. O-O Nge7 7. d3 O-O 8. Rb1 d6 9. a3 a5 10. Ne1 Be6 11. Nc2 d5 12. cxd5 Nxd5 13. Ne4 b6 14. Ng5 Bc8 15. Ne3 Nce7 16. Nxd5 Nxd5 17. Ne4 Bb7 18. Nc3 Nxc3 19. bxc3 Bxg2 20. Kxg2 Rc8 21. Qb3 c4 22. dxc4 Qc7 23. Be3 Qc6+ 24. Kg1 Qxc4 25. Qxc4 Rxc4 26. Rxb6 Rfc8 27. Rfb1 Bf8 28. Rb8 Rxb8 29. Rxb8 Kg7 30. Ra8 a4 31. Bh6+ Kxh6 32. Rxf8 Rxc3 33. Rxf7 Rxa3 34. Re7 Ra1+ 35. Kg2 a3 36. Rxe5 Re1 37. Ra5 Rxe2 38. Rxa3 Re7 39. h4 Kg7 40. g4 Rb7 41. Ra5 Rc7 42. Kg3 Rb7 43. h5 Rc7 44. f4 Rb7 45. Ra6 gxh5 46. gxh5 Rc7 47. Kg4 Rb7 48. h6+ Kf7 49. Kg5 Rb5+ 50. f5 Re5 51. Ra7+ 1/2-1/2

[Event "Montreal int"]
[Site "Montreal CAN"]
[Date "2002.08.02"]
[Round "8"]
[White "Barsov, Alexei"]
[Black "Lesiege, Alexandre"]
[Result "1-0"]
[WhiteElo "2550"]
[BlackElo "2561"]
[WhiteFideId "-1"]
[WhiteFideId "-1"]
[PlyCount "157"]
[GameId "2160767911441179"]
[EventDate "2002.07.25"]
[EventType "tourn"]
[EventRounds "11"]
[EventCountry "CAN"]
[EventCategory "11"]
[SourceTitle "The Week in Chess 404"]
[Source "Mark Crowther"]
[SourceDate "2002.08.05"]
[SourceVersion "1"]
[SourceVersionDate "2002.08.05"]
[SourceQuality "2"]

1. d4 d5 2. c4 dxc4 3. e3 Nf6 4. Bxc4 e6 5. Nf3 c5 6. O-O a6 7. Bb3 cxd4 8. exd4 Nc6 9. Nc3 Be7 10. Bg5 O-O 11. Qd2 h6 12. Bf4 Re8 13. Rad1 Bf8 14. Ne5 Ne7 15. Qd3 Ned5 16. Nxd5 Nxd5 17. Bc2 f5 18. Qg3 Nxf4 19. Qxf4 Bd6 20. Rfe1 a5 21. h4 a4 22. Rd3 Be7 23. h5 Bg5 24. Qf3 Ra6 25. d5 exd5 26. Rxd5 Qf6 27. Re2 Be6 28. Ng6 Raa8 29. Rde5 Bd7 30. Qxb7 Qd6 31. Bxf5 Red8 32. Bxd7 Qxd7 33. Re8+ Qxe8 34. Rxe8+ Rxe8 35. Qd5+ Kh7 36. b4 axb3 37. axb3 Bf6 38. g3 Rab8 39. Qc6 Red8 40. Qe4 Kg8 41. Nf4 Kh8 42. Nd5 Rd6 43. Qc4 Rbd8 44. Nf4 Rd2 45. Kg2 R2d4 46. Qb5 R4d6 47. b4 Bd4 48. Ng6+ Kh7 49. Ne7 Bf6 50. Nc6 Rd5 51. Qe2 R8d6 52. b5 Rc5 53. Qe4+ Kh8 54. Qe8+ Kh7 55. Ne7 Bxe7 56. Qxe7 Rdd5 57. Qe4+ Kh8 58. Qe8+ Kh7 59. b6 Re5 60. Qg6+ Kh8 61. b7 Rb5 62. Qc6 Rxh5 63. Qe8+ Kh7 64. b8=Q Rxb8 65. Qxb8 Rc5 66. Qd6 Rc8 67. g4 Rc3 68. f3 Re3 69. Kf2 Re8 70. Qd7 Rb8 71. Kg3 Rf8 72. f4 Rf6 73. Qe7 Ra6 74. Qe4+ Kh8 75. Kh4 Rf6 76. Kh5 Rb6 77. g5 hxg5 78. fxg5 Rb8 79. Kg6 1-0

[Event "Montreal int"]
[Site "Montreal CAN"]
[Date "2002.08.03"]
[Round "9"]
[White "Lesiege, Alexandre"]
[Black "Zugic, Igor"]
[Result "1/2-1/2"]
[WhiteElo "2561"]
[BlackElo "2450"]
[WhiteFideId "-1"]
[WhiteFideId "-1"]
[PlyCount "31"]
[GameId "2160767911441190"]
[EventDate "2002.07.25"]
[EventType "tourn"]
[EventRounds "11"]
[EventCountry "CAN"]
[EventCategory "11"]
[SourceTitle "The Week in Chess 404"]
[Source "Mark Crowther"]
[SourceDate "2002.08.05"]
[SourceVersion "1"]
[SourceVersionDate "2002.08.05"]
[SourceQuality "2"]

1. Nf3 d5 2. d4 c6 3. c4 Nf6 4. Nc3 e6 5. e3 Nbd7 6. Bd3 Be7 7. O-O O-O 8. e4 dxc4 9. Bxc4 b5 10. Bd3 b4 11. Na4 Bb7 12. Re1 Rc8 13. e5 Nd5 14. Nd2 c5 15. dxc5 Bc6 16. Bc2 1/2-1/2

[Event "Montreal int"]
[Site "Montreal CAN"]
[Date "2002.08.04"]
[Round "10"]
[White "Kotronias, Vasilios"]
[Black "Lesiege, Alexandre"]
[Result "1-0"]
[WhiteElo "2578"]
[BlackElo "2561"]
[WhiteFideId "-1"]
[WhiteFideId "-1"]
[PlyCount "87"]
[GameId "2160767911441193"]
[EventDate "2002.07.25"]
[EventType "tourn"]
[EventRounds "11"]
[EventCountry "CAN"]
[EventCategory "11"]
[SourceTitle "The Week in Chess 404"]
[Source "Mark Crowther"]
[SourceDate "2002.08.05"]
[SourceVersion "1"]
[SourceVersionDate "2002.08.05"]
[SourceQuality "2"]

1. e4 c5 2. Nf3 d6 3. d4 cxd4 4. Nxd4 Nf6 5. Nc3 a6 6. Bg5 e6 7. f4 Nbd7 8. Qf3 Qc7 9. O-O-O b5 10. Bd3 Bb7 11. Rhe1 Be7 12. Qg3 b4 13. Nd5 exd5 14. exd5 Kd8 15. Nc6+ Bxc6 16. dxc6 Nc5 17. Bh4 Bf8 18. Bc4 Ra7 19. Bd5 a5 20. Re3 Qc8 21. Rde1 Qf5 22. Bxf6+ gxf6 23. Re8+ Kc7 24. Qf3 h5 25. Kb1 Bg7 26. Rxh8 Bxh8 27. Bxf7 Kb6 28. Bxh5 a4 29. Bg4 Qh7 30. c7 Rxc7 31. Qd5 f5 32. Qxd6+ Rc6 33. Qd8+ Qc7 34. Qxh8 fxg4 35. Qd4 Kb5 36. b3 axb3 37. axb3 Qd6 38. Qc4+ Ka5 39. Re5 Qd1+ 40. Ka2 Qd6 41. Rd5 Qc7 42. f5 Kb6 43. Qxb4+ Ka7 44. Qd4 1-0

[Event "Quebec-ch int"]
[Site "Montreal CAN"]
[Date "2002.06.17"]
[Round "1"]
[White "Linskiy, Oleg"]
[Black "Lesiege, Alexandre"]
[Result "1/2-1/2"]
[WhiteElo "2417"]
[BlackElo "2584"]
[WhiteFideId "-1"]
[WhiteFideId "-1"]
[PlyCount "145"]
[GameId "2160767911449924"]
[EventDate "2002.06.17"]
[EventType "tourn"]
[EventRounds "9"]
[EventCountry "CAN"]
[EventCategory "6"]
[SourceTitle "CBM 088 Extra"]
[Source "ChessBase"]
[SourceDate "2002.07.01"]
[SourceVersion "2"]
[SourceVersionDate "2002.07.01"]
[SourceQuality "1"]

1. Nf3 c5 2. c4 Nf6 3. g3 b6 4. Bg2 Bb7 5. O-O g6 6. b3 Bg7 7. Bb2 O-O 8. Nc3 Na6 9. e3 d5 10. d4 e6 11. Qe2 Qe7 12. Rac1 dxc4 13. bxc4 Ne4 14. Nb5 Rfd8 15. Rfd1 Nd6 16. Ba3 Bc6 17. dxc5 Nxc5 18. Bxc5 bxc5 19. Nxd6 Rxd6 20. Rxd6 Qxd6 21. Rd1 Qb8 22. Ng5 Bxg2 23. Kxg2 h6 24. Ne4 Qc7 25. Qd3 Qc6 26. Kg1 Rb8 27. Qd6 Qxd6 28. Rxd6 Rb4 29. Nxc5 Rxc4 30. Rd8+ Kh7 31. Nb3 Ra4 32. Rd2 g5 33. h3 Kg6 34. Kf1 a5 35. Ke2 Ra3 36. Rc2 Bf8 37. Nd2 Bb4 38. Nc4 Rc3 39. Rxc3 Bxc3 40. Kd3 Be1 41. Ke2 Bb4 42. a3 Bc5 43. a4 Bb4 44. Ne5+ Kf5 45. Nxf7 h5 46. f3 Be7 47. f4 gxf4 48. gxf4 Ke4 49. Ng5+ Kd5 50. Kd3 e5 51. Ne4 exf4 52. exf4 h4 53. Nc3+ Kc5 54. Ke4 Kc4 55. Nd5 Bc5 56. f5 Kb3 57. Kd3 Kxa4 58. Kc4 Bf8 59. f6 Ka3 60. Kb5 Kb3 61. Kxa5 Kc4 62. Nf4 Kd4 63. Ng6 Bh6 64. Kb5 Kd5 65. f7 Ke6 66. f8=Q Bxf8 67. Nxf8+ Kf5 68. Kc4 Kf4 69. Nh7 Kg3 70. Ng5 Kf4 71. Ne6+ Kg3 72. Ng5 Kf4 73. Ne6+ 1/2-1/2

[Event "Quebec-ch int"]
[Site "Montreal CAN"]
[Date "2002.06.18"]
[Round "2"]
[White "Lesiege, Alexandre"]
[Black "Hebert, Jean"]
[Result "0-1"]
[WhiteElo "2584"]
[BlackElo "2411"]
[WhiteFideId "-1"]
[WhiteFideId "-1"]
[PlyCount "59"]
[GameId "2160767911449928"]
[EventDate "2002.06.17"]
[EventType "tourn"]
[EventRounds "9"]
[EventCountry "CAN"]
[EventCategory "6"]
[SourceTitle "CBM 088 Extra"]
[Source "ChessBase"]
[SourceDate "2002.07.01"]
[SourceVersion "2"]
[SourceVersionDate "2002.07.01"]
[SourceQuality "1"]

1. Nf3 Nf6 2. c4 c6 3. Nc3 d5 4. d4 a6 5. c5 Nbd7 6. Bf4 Nh5 7. e3 g6 8. Bg5 Bg7 9. Be2 h6 10. Bh4 g5 11. Nd2 gxh4 12. Bxh5 e5 13. O-O O-O 14. Nf3 e4 15. Nd2 Qg5 16. Qg4 f5 17. Qxg5 hxg5 18. Be2 Nf6 19. b4 f4 20. a4 Bh6 21. Rfb1 fxe3 22. fxe3 g4 23. Nd1 g3 24. h3 Bd7 25. Nb3 Nh7 26. Na5 Ng5 27. Nxb7 Nxh3+ 28. gxh3 Bxh3 29. b5 Rf6 30. bxa6 0-1

[Event "Quebec-ch int"]
[Site "Montreal CAN"]
[Date "2002.06.19"]
[Round "3"]
[White "Cuartas, Carlos"]
[Black "Lesiege, Alexandre"]
[Result "0-1"]
[WhiteElo "2307"]
[BlackElo "2584"]
[WhiteFideId "-1"]
[WhiteFideId "-1"]
[PlyCount "96"]
[GameId "2160767911449931"]
[EventDate "2002.06.17"]
[EventType "tourn"]
[EventRounds "9"]
[EventCountry "CAN"]
[EventCategory "6"]
[SourceTitle "CBM 088 Extra"]
[Source "ChessBase"]
[SourceDate "2002.07.01"]
[SourceVersion "2"]
[SourceVersionDate "2002.07.01"]
[SourceQuality "1"]

1. e4 c5 2. Nf3 d6 3. c3 Nf6 4. Be2 Nbd7 5. Qc2 g6 6. d4 Qc7 7. d5 Bg7 8. c4 O-O 9. Nc3 a6 10. O-O Re8 11. Bf4 Nf8 12. Rad1 h6 13. h3 g5 14. Bh2 Ng6 15. Ne1 Nd7 16. Nd3 b5 17. cxb5 axb5 18. Nxb5 Qb6 19. Na3 Ba6 20. Nc4 Qa7 21. Nc1 Reb8 22. b3 Bxc4 23. Bxc4 Nde5 24. Rd2 Rb4 25. Be2 c4 26. Bxc4 Nxc4 27. bxc4 Rc8 28. Nb3 Rcxc4 29. Qd1 Rxe4 30. Rc2 Bf6 31. Re1 Kg7 32. Bg3 Nf4 33. Rxe4 Rxe4 34. Bxf4 Rxf4 35. g3 Re4 36. Re2 Ra4 37. Qc2 Qd7 38. Kh2 Qb5 39. Rd2 Be5 40. Kg2 Qa6 41. Re2 Qb5 42. Rd2 Qa6 43. Kg1 Rc4 44. Qd3 Qc8 45. Kg2 f5 46. Qe2 f4 47. Na5 Rc3 48. Rd3 Qa6 0-1

[Event "Quebec-ch int"]
[Site "Montreal CAN"]
[Date "2002.06.20"]
[Round "4"]
[White "Lesiege, Alexandre"]
[Black "Lazarev, Vladimir"]
[Result "1-0"]
[WhiteElo "2584"]
[BlackElo "2449"]
[WhiteFideId "-1"]
[WhiteFideId "-1"]
[PlyCount "119"]
[GameId "2160767911449938"]
[EventDate "2002.06.17"]
[EventType "tourn"]
[EventRounds "9"]
[EventCountry "CAN"]
[EventCategory "6"]
[SourceTitle "CBM 088 Extra"]
[Source "ChessBase"]
[SourceDate "2002.07.01"]
[SourceVersion "2"]
[SourceVersionDate "2002.07.01"]
[SourceQuality "1"]

1. d4 d5 2. c4 dxc4 3. e3 Nf6 4. Bxc4 e6 5. Nf3 c5 6. Qe2 a6 7. dxc5 Bxc5 8. O-O b5 9. Bd3 Nc6 10. Nbd2 Bb7 11. e4 e5 12. Nb3 Bb6 13. Be3 Bxe3 14. Qxe3 Nd7 15. Rfc1 O-O 16. Nc5 Nxc5 17. Rxc5 Qe7 18. Rac1 Rfc8 19. a3 g6 20. Bb1 f6 21. h4 Kg7 22. h5 g5 23. Ba2 Nd8 24. b4 Rxc5 25. bxc5 Rc8 26. Bd5 Bc6 27. Nh2 Nb7 28. h6+ Kf8 29. Ng4 Bxd5 30. exd5 Rxc5 31. Rxc5 Qxc5 32. Nxf6 Qxe3 33. fxe3 Kf7 34. Nxh7 Kg6 35. Nxg5 Kxh6 36. Ne4 a5 37. Kf2 Kg6 38. g4 b4 39. axb4 a4 40. Nc3 a3 41. b5 Nd6 42. b6 Kg5 43. Kg3 Kg6 44. Kf3 Kh6 45. b7 Nxb7 46. Ke4 Kg5 47. Kxe5 Kxg4 48. e4 Kf3 49. Kd4 Nd6 50. e5 Nb5+ 51. Kc4 Nc7 52. d6 Ne6 53. Kd5 Nf4+ 54. Kc6 Ke3 55. d7 Ne6 56. Kd5 Nc7+ 57. Kd6 Nb5+ 58. Nxb5 a2 59. d8=Q a1=Q 60. Qb6+ 1-0

[Event "Quebec-ch int"]
[Site "Montreal CAN"]
[Date "2002.06.21"]
[Round "5"]
[White "Roussel-Roozmon, Thomas"]
[Black "Lesiege, Alexandre"]
[Result "0-1"]
[WhiteElo "2203"]
[BlackElo "2584"]
[WhiteFideId "-1"]
[WhiteFideId "-1"]
[PlyCount "94"]
[GameId "2160767911449944"]
[EventDate "2002.06.17"]
[EventType "tourn"]
[EventRounds "9"]
[EventCountry "CAN"]
[EventCategory "6"]
[SourceTitle "CBM 088 Extra"]
[Source "ChessBase"]
[SourceDate "2002.07.01"]
[SourceVersion "2"]
[SourceVersionDate "2002.07.01"]
[SourceQuality "1"]

1. d4 d5 2. c4 e6 3. Nf3 Nf6 4. cxd5 exd5 5. Bg5 c6 6. Nc3 Bf5 7. Bxf6 Qxf6 8. e3 Bd6 9. Bd3 Nd7 10. Rb1 Bg4 11. Be2 O-O 12. Ne5 Bf5 13. Nxd7 Bxd7 14. Bg4 Be6 15. g3 Rae8 16. O-O Qg5 17. Bxe6 Rxe6 18. Qd2 h5 19. f4 Qf5 20. Rbe1 Rfe8 21. Kg2 Bb4 22. h3 g5 23. a3 Bxc3 24. Qxc3 g4 25. h4 c5 26. dxc5 Qe4+ 27. Kg1 d4 28. Qc4 dxe3 29. Qxe4 Rxe4 30. Re2 Rd8 31. Rc1 Rd3 32. Rc3 Rxc3 33. bxc3 Kf8 34. Kf1 Ke8 35. Rb2 Re7 36. c6 bxc6 37. Rb8+ Kd7 38. Rb7+ Kd6 39. Rb8 e2+ 40. Ke1 Re3 41. Rh8 Rxg3 42. Rxh5 f6 43. Ra5 Rg2 44. Rxa7 g3 45. Rg7 Kd5 46. Re7 Rh2 47. Rg7 g2 0-1

[Event "Quebec-ch int"]
[Site "Montreal CAN"]
[Date "2002.06.22"]
[Round "6"]
[White "Lesiege, Alexandre"]
[Black "Times, Jerald"]
[Result "1-0"]
[WhiteElo "2584"]
[BlackElo "2359"]
[WhiteFideId "-1"]
[WhiteFideId "-1"]
[PlyCount "51"]
[GameId "2160767911449948"]
[EventDate "2002.06.17"]
[EventType "tourn"]
[EventRounds "9"]
[EventCountry "CAN"]
[EventCategory "6"]
[SourceTitle "CBM 088 Extra"]
[Source "ChessBase"]
[SourceDate "2002.07.01"]
[SourceVersion "2"]
[SourceVersionDate "2002.07.01"]
[SourceQuality "1"]

1. d4 d5 2. c4 e6 3. Nc3 Nf6 4. cxd5 exd5 5. Bg5 c6 6. Qc2 Na6 7. e3 Nb4 8. Qd2 Bf5 9. Rc1 a5 10. a3 Na6 11. Nge2 Bd6 12. Ng3 Bxg3 13. hxg3 O-O 14. f3 Qd6 15. g4 Bg6 16. Bf4 Qe7 17. Kf2 Rfc8 18. Bd3 Qe6 19. Ne2 Ne8 20. Bxg6 fxg6 21. Qxa5 Nac7 22. Qb4 Nb5 23. g5 Nbd6 24. Rh3 Nc4 25. Rch1 Ned6 26. b3 1-0

[Event "Quebec-ch int"]
[Site "Montreal CAN"]
[Date "2002.06.23"]
[Round "7"]
[White "Duong, Thanh Nha"]
[Black "Lesiege, Alexandre"]
[Result "0-1"]
[WhiteElo "2339"]
[BlackElo "2584"]
[WhiteFideId "-1"]
[WhiteFideId "-1"]
[PlyCount "58"]
[GameId "2160767911449953"]
[EventDate "2002.06.17"]
[EventType "tourn"]
[EventRounds "9"]
[EventCountry "CAN"]
[EventCategory "6"]
[SourceTitle "CBM 088 Extra"]
[Source "ChessBase"]
[SourceDate "2002.07.01"]
[SourceVersion "2"]
[SourceVersionDate "2002.07.01"]
[SourceQuality "1"]

1. d4 Nf6 2. Nf3 d5 3. c4 c6 4. Nbd2 Bf5 5. e3 e6 6. Qb3 Qb6 7. Nh4 Bg6 8. Nxg6 hxg6 9. Bd3 Nbd7 10. O-O Be7 11. h3 g5 12. Qd1 Qc7 13. Be2 e5 14. cxd5 Nxd5 15. Bf3 N5f6 16. Ne4 Nxe4 17. Bxe4 Nf6 18. Bf5 Rd8 19. Qe2 Kf8 20. e4 g6 21. dxe5 Qxe5 22. f4 Qd4+ 23. Be3 Qd3 24. Qf3 gxf5 25. fxg5 Nxe4 26. Rad1 Qb5 27. Bd4 Rxd4 28. Rxd4 Bc5 29. Rfd1 Qa4 0-1

[Event "Quebec-ch int"]
[Site "Montreal CAN"]
[Date "2002.06.24"]
[Round "8"]
[White "Barbeau, Sylvain"]
[Black "Lesiege, Alexandre"]
[Result "0-1"]
[WhiteElo "2397"]
[BlackElo "2584"]
[WhiteFideId "-1"]
[WhiteFideId "-1"]
[PlyCount "48"]
[GameId "2160767911449957"]
[EventDate "2002.06.17"]
[EventType "tourn"]
[EventRounds "9"]
[EventCountry "CAN"]
[EventCategory "6"]
[SourceTitle "The Week in Chess 399"]
[Source "Mark Crowther"]
[SourceDate "2002.07.01"]
[SourceVersion "1"]
[SourceVersionDate "2002.07.01"]
[SourceQuality "2"]

1. e4 c6 2. d4 d5 3. exd5 cxd5 4. c4 Nf6 5. Nc3 e6 6. Nf3 Bb4 7. cxd5 Nxd5 8. Bd2 O-O 9. Bd3 Nc6 10. O-O Be7 11. a3 Bf6 12. Ne4 Bxd4 13. Nxd4 Nxd4 14. Ng5 h6 15. Nh7 Re8 16. Bxh6 gxh6 17. Qg4+ Kh8 18. Qxd4+ e5 19. Qc5 Nf4 20. Bc2 Bg4 21. f3 Rc8 22. Qf2 Bxf3 23. Bf5 Bxg2 24. Rfd1 Bd5 0-1

[Event "CAN-ch"]
[Site "Richmond CAN"]
[Date "2002.03.21"]
[Round "1"]
[White "Lesiege, Alexandre"]
[Black "Haessel, Dale"]
[Result "1-0"]
[WhiteElo "2572"]
[BlackElo "2201"]
[WhiteFideId "-1"]
[WhiteFideId "-1"]
[PlyCount "61"]
[GameId "2160767911483517"]
[EventDate "2002.03.21"]
[EventType "swiss"]
[EventRounds "11"]
[EventCountry "CAN"]
[SourceTitle "CBM 088"]
[Source "ChessBase"]
[SourceDate "2002.03.21"]
[SourceVersion "1"]
[SourceVersionDate "2002.03.21"]
[SourceQuality "1"]

1. d4 Nf6 2. c4 g6 3. Nc3 d5 4. cxd5 Nxd5 5. e4 Nxc3 6. bxc3 Bg7 7. Nf3 c5 8. Rb1 O-O 9. Be2 cxd4 10. cxd4 Qa5+ 11. Bd2 Qxa2 12. O-O Bg4 13. Bg5 h6 14. Be3 Nc6 15. d5 Ne5 16. Rxb7 e6 17. d6 Rfd8 18. Re1 Bxf3 19. gxf3 Qa3 20. f4 Rxd6 21. Qc1 Qxc1 22. Rxc1 Nc6 23. e5 Nd4 24. Rcc7 Nxe2+ 25. Kf1 Nxf4 26. exd6 Nd5 27. Rxf7 Bf8 28. Bd4 Re8 29. Be5 g5 30. Rh7 Nf4 31. Rh8# 1-0